[Event "Int. StuttgarterStadtmeisterschaft C"]
[Site "Ditzingen"]
[Date "2019.05.31"]
[Round "3.15"]
[White "Aird, David"]
[Black "Bitzel, Hubert"]
[Result "1-0"]
[WhiteElo "1129"]
[BlackElo "1459"]
[PlyCount "47"]
[EventDate "2019.??.??"]
[WhiteTeam "SV Stuttgart-Wolfbusch"]
[BlackTeam "TSF Ditzingen"]

1. d4 d5 2. c4 c6 3. e3 f5 4. Nf3 Nf6 5. Nc3 Be6 6. Bd3 dxc4 7. Be2 b5 8. Ne5
g6 9. h4 Bd5 10. Nxd5 cxd5 11. f4 e6 12. h5 Bb4+ 13. Bd2 Qa5 14. hxg6 Bxd2+ 15.
Qxd2 Qxd2+ 16. Kxd2 Ne4+ 17. Kd1 Nf2+ 18. Kc2 Nxh1 19. Rxh1 Nd7 20. Nf7 Ke7 21.
Nxh8 Rxh8 22. Rxh7+ Kf6 23. Rxh8 Kxg6 24. Ra8 1-0

[Event "Int. StuttgarterStadtmeisterschaft C"]
[Site "Ditzingen"]
[Date "2019.05.31"]
[Round "3.16"]
[White "JÃ¼nk, Lenny"]
[Black "Skottke, Oliver"]
[Result "1-0"]
[WhiteElo "1110"]
[BlackElo "1439"]
[PlyCount "57"]
[EventDate "2019.??.??"]
[WhiteTeam "SC Leinzell"]
[BlackTeam "TSF Ditzingen"]

1. e4 e5 2. Nf3 Nc6 3. Bb5 d6 4. O-O Bd7 5. c3 a6 6. Ba4 Nf6 7. Re1 b5 8. Bc2
Bg4 9. d3 b4 10. Be3 bxc3 11. bxc3 Be7 12. Nbd2 O-O 13. Rb1 Rb8 14. Qc1 Be6 15.
Qa3 Rxb1 16. Rxb1 Qa8 17. Ng5 h6 18. Nxe6 fxe6 19. f3 d5 20. Bc5 Rf7 21. Ba4
dxe4 22. Bxc6 Qxc6 23. Bxe7 Nd5 24. Rb8+ Kh7 25. Bh4 exd3 26. c4 Ne3 27. Qxd3+
Nf5 28. g4 Qc5+ 29. Bf2 1-0

[Event "Int. StuttgarterStadtmeisterschaft C"]
[Site "Ditzingen"]
[Date "2019.05.31"]
[Round "3.17"]
[White "Herbst, Karin"]
[Black "Collier, Donall"]
[Result "*"]
[WhiteElo "1410"]
[BlackElo "1175"]
[PlyCount "74"]
[EventDate "2019.??.??"]
[WhiteTeam "Zentrumsbauer Stuttgart"]
[BlackTeam "SK Markdorf"]

1. c4 c5 2. Nc3 Nc6 3. Nf3 Nf6 4. g3 d6 5. Bg2 e5 6. O-O Be7 7. e3 Bg4 8. d3
Qd7 9. a3 O-O 10. Qc2 Bf5 11. Ng5 Rab8 12. Nge4 Ne8 13. Nd5 Bd8 14. Bd2 Qe6 15.
Bc3 Ne7 16. Nxe7+ Bxe7 17. Nd2 Bh3 18. d4 Bxg2 19. Kxg2 Nf6 20. d5 Qd7 21. h3
Nh5 22. b4 b6 23. Rab1 f5 24. Qd1 Nf6 25. Nf3 Ne4 26. Rc1 g5 27. Nh2 Kf7 28.
Qh5+ Kg8 29. f3 Nxc3 30. Rxc3 Kh8 31. f4 Rg8 32. fxg5 Rxg5 33. Qe2 h5 34. h4
Rg4 35. Nxg4 hxg4 36. h5 Bg5 37. Qc2 e4 *

[Event "Int. StuttgarterStadtmeisterschaft C"]
[Site "Ditzingen"]
[Date "2019.05.31"]
[Round "3.18"]
[White "Hennicken, Arnold"]
[Black "Rodewald, Colin"]
[Result "1-0"]
[WhiteElo "1372"]
[BlackElo "1157"]
[PlyCount "93"]
[EventDate "2019.??.??"]
[WhiteTeam "SF Esch e. V."]
[BlackTeam "TSV Denkendorf"]

1. d4 d5 2. c4 Nf6 3. Nc3 e6 4. Bg5 Be7 5. e3 h6 6. Bh4 O-O 7. Nf3 Nbd7 8. Bd3
dxc4 9. Bxc4 c6 10. O-O Bd6 11. e4 Be7 12. Qc2 Ne8 13. Bxe7 Qxe7 14. Rfe1 Nb6
15. Bf1 Nc7 16. e5 Rd8 17. Rad1 Nbd5 18. a3 Nxc3 19. Qxc3 Nd5 20. Qc5 Rd7 21.
Nd2 Nb6 22. Qxe7 Rxe7 23. Ne4 Bd7 24. Nd6 Be8 25. f4 Nd5 26. g3 f6 27. Be2 f5
28. Kf2 g5 29. Kf3 Bh5+ 30. Kf2 Bxe2 31. Kxe2 gxf4 32. gxf4 Nxf4+ 33. Kf3 Nh3
34. Rd2 b5 35. Rc1 Ng5+ 36. Ke3 Ne4 37. Rg2+ Rg7 38. Rxg7+ Kxg7 39. Nxe4 fxe4
40. Rxc6 Re8 41. Kxe4 Re7 42. d5 Kf7 43. d6 Rd7 44. Rc7 Ke8 45. Rxd7 Kxd7 46.
Kf4 a5 47. Kg4 1-0

[Event "Int. StuttgarterStadtmeisterschaft C"]
[Site "Ditzingen"]
[Date "2019.05.31"]
[Round "3.19"]
[White "Herbert, Arik Jens"]
[Black "Lin, Jean-Claude"]
[Result "0-1"]
[WhiteElo "1022"]
[BlackElo "1366"]
[PlyCount "74"]
[EventDate "2019.??.??"]
[WhiteTeam "SC Feuerbach e. V."]
[BlackTeam "SC Sillenbuch"]

1. e4 e5 2. Nf3 Nf6 3. Nxe5 d6 4. Nf3 Nxe4 5. Qe2 Qe7 6. d3 Nf6 7. Bg5 Bg4 8.
Nbd2 Nbd7 9. O-O-O Qxe2 10. Bxe2 O-O-O 11. d4 Be6 12. Nc4 Re8 13. Ne3 Ne4 14.
Rhf1 h6 15. Bh4 d5 16. Bb5 a6 17. Ba4 b5 18. Bb3 c6 19. a3 Kb7 20. Nd2 f5 21.
f3 Nd6 22. h3 g5 23. Be1 f4 24. Ng4 Bg7 25. Nb1 Bxg4 26. hxg4 Re2 27. g3 Rhe8
28. gxf4 Bxd4 29. Bg3 Be3+ 30. Nd2 gxf4 31. Bh4 Nc4 32. Bxc4 bxc4 33. Rfe1 Rh2
34. Rxe3 fxe3 35. Bg3 Rg2 36. Nf1 e2 37. Bf4 Rf2 0-1

[Event "Int. StuttgarterStadtmeisterschaft C"]
[Site "Ditzingen"]
[Date "2019.05.31"]
[Round "3.20"]
[White "Gavagan, Thomas"]
[Black "Drianis, Anton"]
[Result "1/2-1/2"]
[WhiteElo "984"]
[BlackElo "1308"]
[PlyCount "52"]
[EventDate "2019.??.??"]
[WhiteTeam "SK Wernau"]
[BlackTeam "SK e4 Gerlingen"]

1. d4 d5 2. c4 e6 3. Nc3 Nf6 4. cxd5 exd5 5. Bg5 Be7 6. e3 Bf5 7. Nf3 Nbd7 8.
Be2 c6 9. O-O O-O 10. h3 h6 11. Bf4 Nh5 12. Bh2 Bg6 13. Nh4 Bxh4 14. Bxh5 Bh7
15. Bd6 Be7 16. Bxe7 Qxe7 17. Be2 f5 18. Bd3 Rae8 19. Qc2 Qg5 20. Rae1 Nf6 21.
Nb1 Qh4 22. Nd2 Ne4 23. Nf3 Qh5 24. Ne5 f4 25. a3 f3 26. Nxf3 Rxf3 1/2-1/2

[Event "Int. StuttgarterStadtmeisterschaft C"]
[Site "Ditzingen"]
[Date "2019.05.31"]
[Round "4.1"]
[White "Izquierdo, Antonio"]
[Black "Heel, Lorenzo"]
[Result "1-0"]
[WhiteElo "1409"]
[BlackElo "1146"]
[PlyCount "73"]
[EventDate "2019.??.??"]
[WhiteTeam "TSF Ditzingen"]
[BlackTeam "SF Pfullingen"]

1. e4 c5 2. d4 cxd4 3. c3 dxc3 4. Nxc3 Nc6 5. Bc4 e6 6. Nf3 Nge7 7. Bf4 Ng6 8.
Bg3 Be7 9. Nb5 Qa5+ 10. Nd2 e5 11. O-O O-O 12. Nf3 a6 13. Nd6 Qb4 14. Nxc8
Raxc8 15. Bb3 d6 16. Nd2 Kh8 17. Nc4 Nd4 18. Nd2 f5 19. exf5 Rxf5 20. Nf3 Nxf3+
21. gxf3 Rcf8 22. Bd5 Nf4 23. Be4 R5f6 24. Bh4 g5 25. Bg3 Ne6 26. Rc1 R8f7 27.
Bd5 Rf8 28. Qb3 Qxb3 29. Bxb3 Rxf3 30. Bxe6 b5 31. Rc8 Rxc8 32. Bxc8 a5 33. Rc1
Rd3 34. Rc7 Bd8 35. Rd7 Bf6 36. Rf7 Bd8 37. Rf8+ 1-0

[Event "Int. StuttgarterStadtmeisterschaft C"]
[Site "Ditzingen"]
[Date "2019.05.31"]
[Round "4.2"]
[White "Kandler, Christoph"]
[Black "Martin, Peter"]
[Result "1/2-1/2"]
[WhiteElo "1385"]
[BlackElo "1390"]
[PlyCount "61"]
[EventDate "2019.??.??"]
[WhiteTeam "SF Nabern"]
[BlackTeam "SC Wittlich 1947"]

1. e4 c5 2. Nc3 d6 3. f4 e6 4. Nf3 Be7 5. Bb5+ Nc6 6. d4 a6 7. Bxc6+ bxc6 8.
dxc5 d5 9. Be3 Rb8 10. Bd4 f6 11. O-O Qa5 12. e5 Bxc5 13. b3 Bxd4+ 14. Qxd4 Qb6
15. Na4 Qxd4+ 16. Nxd4 fxe5 17. Nxc6 Rb7 18. Nxe5 Ne7 19. Nc5 Rc7 20. b4 Nc6
21. Nxc6 Rxc6 22. Rfe1 Rf8 23. g3 Rd6 24. c3 Rf5 25. Re5 Kf7 26. Nd3 h6 27. g4
Rxe5 28. Nxe5+ Kf6 29. h4 g5 30. hxg5+ hxg5 31. Nd3 1/2-1/2

[Event "Int. StuttgarterStadtmeisterschaft C"]
[Site "Ditzingen"]
[Date "2019.05.31"]
[Round "4.3"]
[White "Wohlgemuth, Wolfgang"]
[Black "Schmidt, Victor"]
[Result "0-1"]
[WhiteElo "1123"]
[BlackElo "1461"]
[PlyCount "70"]
[EventDate "2019.??.??"]
[WhiteTeam "TG Biberach"]
[BlackTeam "SK e4 Gerlingen"]

1. d4 d5 2. c4 e6 3. Nc3 Nf6 4. Bg5 Be7 5. e3 h6 6. Bf4 a6 7. a3 Nc6 8. Nf3 O-O 9. Bd3 Bd6 10. Ne5
Bxe5 11. Bxe5 dxc4 12. Bxc4 b5 13. Bd3 Nxe5 14. dxe5 Nd7 15. f4 Bb7 16. Qc2
Qh4+ 17. Qf2 Qe7 18. Qc2 Nc5 19. O-O Nxd3 20. Qxd3 Rad8 21. Qe2 c5 22. Rad1 Bc6
23. Rxd8 Rxd8 24. Rd1 c4 25. Rxd8+ Qxd8 26. Qd1 Qa8 27. Qd2 a5 28. h3 g6 29.
Qe2 Qb7 30. b4 cxb3 31. Nd1 b4 32. Qd2 bxa3 33. Qxa5 a2 34. Nb2 Bxg2 35. Qe1
Bxh3 0-1

[Event "Int. StuttgarterStadtmeisterschaft C"]
[Site "Ditzingen"]
[Date "2019.05.31"]
[Round "4.4"]
[White "Hilger, Herbert"]
[Black "Klebba, Adrian"]
[Result "1-0"]
[WhiteElo "1303"]
[BlackElo "1457"]
[PlyCount "35"]
[EventDate "2019.??.??"]
[WhiteTeam "SV Stuttgart-Wolfbusch"]
[BlackTeam "SV Altbach"]

1. e4 e6 2. d4 d5 3. e5 c5 4. c3 Nc6 5. Nf3 Bd7 6. Be2 Qb6 7. Nbd2 cxd4 8. cxd4
Nxd4 9. Nxd4 Qxd4 10. O-O Qxe5 11. Nf3 Qd6 12. Be3 Nf6 13. Rc1 b6 14. Nd4 Be7
15. Nb5 Bxb5 16. Bxb5+ Kd8 17. Qa4 Rc8 18. Qxa7 1-0

[Event "Int. StuttgarterStadtmeisterschaft C"]
[Site "Ditzingen"]
[Date "2019.05.31"]
[Round "4.5"]
[White "Wolff, Calvin"]
[Black "Dietrich, Malte"]
[Result "1-0"]
[WhiteElo "1181"]
[BlackElo "1382"]
[PlyCount "31"]
[EventDate "2019.??.??"]
[WhiteTeam "Heilbronner SV"]
[BlackTeam "SV Dettingen Erms"]

1. e4 e6 2. d4 d5 3. Nc3 Nf6 4. e5 Nfd7 5. Nf3 c5 6. Be3 Nc6 7. Nb5 cxd4 8.
Nfxd4 Ncxe5 9. Bf4 a6 10. Nc3 Bb4 11. Qe2 Qc7 12. Qe3 O-O 13. Qg3 f6 14. Nxe6
Bxc3+ 15. bxc3 Qd6 16. Qxg7# 1-0

[Event "Int. StuttgarterStadtmeisterschaft C"]
[Site "Ditzingen"]
[Date "2019.05.31"]
[Round "4.7"]
[White "DÃ¶rr, Florian"]
[Black "Motzer, Eric"]
[Result "1/2-1/2"]
[WhiteElo "1493"]
[BlackElo "1249"]
[PlyCount "50"]
[EventDate "2019.??.??"]
[WhiteTeam "SC Ostfildern"]
[BlackTeam "SF Nabern"]

1. b3 b6 2. Bb2 Bb7 3. e3 c5 4. Nf3 Nf6 5. c4 e6 6. Be2 Na6 7. O-O Nc7 8. d4
Be7 9. Nbd2 O-O 10. Qc2 d5 11. Ng5 h6 12. Ngf3 Rc8 13. Rac1 Nce8 14. Qd1 Nd6
15. Ne5 Nde4 16. Qe1 Bd6 17. f4 Qe8 18. Bd3 Nxd2 19. Qxd2 Ne4 20. Bxe4 dxe4 21.
Qe2 f6 22. Ng4 h5 23. Nf2 f5 24. Nh3 Be7 25. Qf2 g6 1/2-1/2

[Event "Int. StuttgarterStadtmeisterschaft C"]
[Site "Ditzingen"]
[Date "2019.05.31"]
[Round "4.8"]
[White "BalÃ³, Levente"]
[Black "Hennicken, Arnold"]
[Result "1-0"]
[WhiteElo "1251"]
[BlackElo "1372"]
[PlyCount "120"]
[EventDate "2019.??.??"]
[WhiteTeam "SK Sachsenheim"]
[BlackTeam "SF Esch e. V."]

1. e4 e5 2. Nf3 Nc6 3. Bb5 a6 4. Ba4 Nf6 5. O-O b5 6. Bb3 Bc5 7. d3 h6 8. h3
O-O 9. c3 d6 10. Re1 Qe7 11. Nbd2 a5 12. Nf1 a4 13. Bc2 Be6 14. d4 exd4 15.
cxd4 Bb4 16. Bd2 Bxd2 17. Qxd2 Bd7 18. a3 Nd8 19. Qd3 g6 20. e5 dxe5 21. Rxe5
Qd6 22. Rae1 Nc6 23. Rxb5 Nd5 24. g3 Nce7 25. Rc5 Bxh3 26. Qd2 Kg7 27. Ne5 f6
28. Nf3 Bf5 29. Nh4 Bxc2 30. Qxc2 Rfb8 31. Rxe7+ Nxe7 32. Rxc7 Kf8 33. Rxe7
Kxe7 34. Qxg6 Kd7 35. Qf7+ Kc6 36. Nf5 Qc7 37. Qxf6+ Kb7 38. d5 Ra6 39. Qd4 Rd8
40. Qe4 Rdd6 41. Qb4+ Rab6 42. Nxd6+ Qxd6 43. Qxd6 Rxd6 44. Ne3 Kb6 45. Nc4+
Kc5 46. Nxd6 Kxd6 47. f4 Kxd5 48. Kg2 Ke4 49. Kh3 Kf5 50. Kh4 Kg6 51. Kg4 h5+
52. Kf3 Kf5 53. Kf2 Kg4 54. Ke3 Kxg3 55. f5 h4 56. f6 h3 57. f7 h2 58. f8=Q
h1=Q 59. Qg7+ Kh2 60. Qh6+ Kg2 1-0

[Event "Int. StuttgarterStadtmeisterschaft C"]
[Site "Ditzingen"]
[Date "2019.05.31"]
[Round "4.9"]
[White "Lin, Jean-Claude"]
[Black "Volk, Emil"]
[Result "1/2-1/2"]
[WhiteElo "1366"]
[BlackElo "1219"]
[PlyCount "79"]
[EventDate "2019.??.??"]
[WhiteTeam "SC Sillenbuch"]
[BlackTeam "SC Grunbach"]

1. d4 d6 2. Bg5 Nf6 3. Bxf6 gxf6 4. c4 e5 5. e3 Bf5 6. Qb3 b6 7. g3 c5 8. Bg2
e4 9. Ne2 Nd7 10. Nbc3 Qe7 11. Nd5 Qd8 12. O-O-O Bg4 13. Rd2 f5 14. Nef4 Bg7
15. h3 Bf3 16. Bxf3 exf3 17. Nh5 Bh6 18. h4 O-O 19. Qd3 cxd4 20. Qxd4 f6 21.
Rg1 Ne5 22. Kb1 Ng4 23. Qd3 Qd7 24. Rc2 Rae8 25. Re1 Qe6 26. Nhf4 Bxf4 27. gxf4
Qe4 28. Qxe4 fxe4 29. Rg1 f5 30. b4 Kf7 31. Ka1 Rc8 32. a4 Ke6 33. Rd1 Rfd8 34.
b5 Nf6 35. Nb4 d5 36. Nc6 Rd7 37. Nd4+ Ke7 38. Nxf5+ Ke6 39. Nd4+ Ke7 40. Nf5+
1/2-1/2

[Event "Int. StuttgarterStadtmeisterschaft C"]
[Site "Ditzingen"]
[Date "2019.05.31"]
[Round "4.10"]
[White "Ropertz, Benjamin"]
[Black "Maier, Manuel"]
[Result "1-0"]
[WhiteElo "1260"]
[BlackElo "1334"]
[PlyCount "115"]
[EventDate "2019.??.??"]
[WhiteTeam "TSF Ditzingen"]
[BlackTeam "SV Reutlingen"]

1. b4 e6 2. Bb2 Nf6 3. b5 c6 4. a4 Ne4 5. Nf3 d5 6. e3 a6 7. Be2 Be7 8. O-O Bf6
9. d4 Nd7 10. Nbd2 Qc7 11. Nxe4 dxe4 12. Nd2 cxb5 13. axb5 b6 14. bxa6 Qc6 15.
f3 Nc5 16. fxe4 Nxa6 17. c4 Bg5 18. Qb3 O-O 19. e5 Qc7 20. Ne4 Qe7 21. Nxg5
Qxg5 22. d5 Bb7 23. Bd4 exd5 24. cxd5 Rad8 25. Bf3 Rd7 26. d6 Nc5 27. Bxc5 Qxe5
28. Bxb7 Rxb7 29. Bb4 Re8 30. Rfd1 Rd7 31. Ra6 Qb5 32. Qa4 Qe2 33. Bd2 Red8 34.
Rxb6 h6 35. Ba5 Qxe3+ 36. Kf1 Re8 37. Re1 Qd3+ 38. Kf2 Qf5+ 39. Kg1 Rxe1+ 40.
Bxe1 Qc5+ 41. Kh1 Rxd6 42. Rxd6 Qxd6 43. Qe8+ Kh7 44. Qxf7 Qe5 45. Qf2 g5 46.
Qc2+ Kg8 47. Qc8+ Kf7 48. Qd7+ Kg6 49. Qd2 h5 50. h3 Qf5 51. Qd6+ Kh7 52. Bd2
Qf1+ 53. Kh2 Qd1 54. Qe7+ Kg8 55. Qxg5+ Kf7 56. Qd5+ Ke8 57. Qd4 Qe2 58. Qe3+
1-0

[Event "Int. StuttgarterStadtmeisterschaft C"]
[Site "Ditzingen"]
[Date "2019.05.31"]
[Round "4.11"]
[White "Hertlein, Markus"]
[Black "Polarczyk, Thomas"]
[Result "0-1"]
[WhiteElo "1227"]
[BlackElo "1326"]
[PlyCount "74"]
[EventDate "2019.??.??"]
[WhiteTeam "SF 90 Spraitbach"]
[BlackTeam "SV Leonberg"]

1. e4 c5 2. Nf3 d6 3. d4 cxd4 4. Nxd4 a6 5. Bc4 Nf6 6. f3 e6 7. Nc3 Be7 8. Be3
O-O 9. Qd2 Qc7 10. Bb3 b5 11. O-O Nc6 12. a3 Na5 13. Rac1 Nc4 14. Bxc4 Qxc4 15.
b3 Qc7 16. Nce2 d5 17. Qd3 dxe4 18. fxe4 Ng4 19. Nf3 Nxe3 20. Qxe3 Bc5 21. Nfd4
e5 22. Qg3 Bxd4+ 23. Nxd4 Qc5 24. Kh1 exd4 25. Qd3 Be6 26. Rf4 Qxa3 27. Qd2
Rac8 28. Rff1 Qc5 29. h3 b4 30. Qf4 Qc7 31. e5 Qd7 32. Rf3 Qd8 33. g4 Bd5 34.
Kh2 Bxf3 35. Qxf3 Rc3 36. Qb7 Qg5 37. Qh1 Qd2+ 0-1

[Event "Int. StuttgarterStadtmeisterschaft C"]
[Site "Ditzingen"]
[Date "2019.05.31"]
[Round "4.12"]
[White "Sharp, David"]
[Black "Laun, Hauke"]
[Result "0-1"]
[WhiteElo "1148"]
[BlackElo "1299"]
[PlyCount "39"]
[EventDate "2019.??.??"]
[WhiteTeam "Stuttgarter SF 1879"]
[BlackTeam "SF Pfullingen"]

1. e4 e5 2. Nf3 Nc6 3. Bc4 Bc5 4. b4 Bxb4 5. c3 Bc5 6. d4 exd4 7. cxd4 Bb4+ 8.
Bd2 Bxd2+ 9. Qxd2 Nf6 10. O-O Nxe4 11. Bxf7+ Kxf7 12. Qf4+ Nf6 13. Ne5+ Kg8 14.
d5 Nxe5 15. Qxe5 d6 16. Qg5 Kf7 17. Nd2 Re8 18. Nf3 Kg8 19. h4 Bg4 20. Nh2 0-1

[Event "Int. StuttgarterStadtmeisterschaft C"]
[Site "Ditzingen"]
[Date "2019.05.31"]
[Round "4.13"]
[White "Aird, David"]
[Black "Hoffmann, Simon"]
[Result "1-0"]
[WhiteElo "1129"]
[BlackElo "1285"]
[PlyCount "45"]
[EventDate "2019.??.??"]
[WhiteTeam "SV Stuttgart-Wolfbusch"]
[BlackTeam "Schach-Kids Bernhausen"]

1. d4 d5 2. c4 e6 3. e3 Nf6 4. Nc3 c5 5. Nf3 Nbd7 6. Bd3 Nb6 7. b3 Bd6 8. Qd2
Qc7 9. Nb5 Qc6 10. Ba3 Nbd7 11. Rc1 b6 12. Nxd6+ Qxd6 13. cxd5 exd5 14. dxc5
Qe7 15. Nd4 Ne5 16. Nb5 Ba6 17. Be2 Bxb5 18. Bxb5+ Kd8 19. Qb2 bxc5 20. Bxc5
Qe6 21. Qc3 a6 22. Qa5+ Kc8 23. Bd6+ 1-0

[Event "Int. StuttgarterStadtmeisterschaft C"]
[Site "Ditzingen"]
[Date "2019.05.31"]
[Round "4.14"]
[White "Winterstein, Tim"]
[Black "JÃ¼nk, Lenny"]
[Result "1-0"]
[WhiteElo "1266"]
[BlackElo "1110"]
[PlyCount "49"]
[EventDate "2019.??.??"]
[WhiteTeam "SV Dettingen Erms"]
[BlackTeam "SC Leinzell"]

1. c4 g6 2. g3 Bg7 3. Bg2 e6 4. Nc3 Nf6 5. e4 Nc6 6. Nf3 d6 7. d3 Nd7 8. Bg5 f6
9. Bd2 Nde5 10. Be3 a6 11. Nxe5 Nxe5 12. b4 Rb8 13. a4 b6 14. b5 O-O 15. O-O f5
16. exf5 exf5 17. Qd2 Ng4 18. Rfe1 Bxc3 19. Bd5+ Kg7 20. Qxc3+ Qf6 21. Bd4 Ne5
22. Rxe5 Kh6 23. Re4 Qd8 24. Rh4+ Kg5 25. f4# 1-0

[Event "Int. StuttgarterStadtmeisterschaft C"]
[Site "Ditzingen"]
[Date "2019.05.31"]
[Round "4.15"]
[White "Wippermann, Tim"]
[Black "Erhardt, Daniel"]
[Result "0-1"]
[WhiteElo "908"]
[BlackElo "1264"]
[PlyCount "58"]
[EventDate "2019.??.??"]
[WhiteTeam "SF Freiberg"]
[BlackTeam "Schach-Kids Bernhausen e.V."]

1. e4 e5 2. Nf3 Nc6 3. Bb5 Nf6 4. Nc3 d6 5. d3 a6 6. Bxc6+ bxc6 7. O-O Be7 8.
Rb1 d5 9. exd5 cxd5 10. Nxe5 Qd6 11. Nf3 Bg4 12. h3 Bh5 13. Bg5 d4 14. Bxf6
gxf6 15. Na4 Qe6 16. Re1 Qd7 17. b3 Rg8 18. Kf1 O-O-O 19. Ne5 Bxd1 20. Nxd7
Bxc2 21. Rbc1 Bxd3+ 22. Kg1 Kxd7 23. Red1 Bf5 24. Rxd4+ Ke8 25. Rf4 Bxh3 26.
Kh2 Bd6 27. Re1+ Be6 28. g3 Bxf4 29. gxf4 Rd4 0-1

[Event "Int. StuttgarterStadtmeisterschaft C"]
[Site "Ditzingen"]
[Date "2019.05.31"]
[Round "4.16"]
[White "Lindemann, Bastian"]
[Black "Stockburger, Marius"]
[Result "1-0"]
[WhiteElo "1034"]
[BlackElo "1332"]
[PlyCount "65"]
[EventDate "2019.??.??"]
[WhiteTeam "SC Feuerbach e. V."]
[BlackTeam "SF Freiberg"]

1. e4 c5 2. Nf3 Nc6 3. d4 cxd4 4. Nxd4 Nf6 5. Nc3 e5 6. Nf3 Bb4 7. Bd2 a6 8.
Nd5 Bxd2+ 9. Nxd2 Nxd5 10. exd5 Ne7 11. Qf3 d6 12. O-O-O Bf5 13. Bd3 Bxd3 14.
Qxd3 Qa5 15. Qb3 Rc8 16. Nc4 Qc5 17. Ne3 O-O 18. Qxb7 Rc7 19. Qxa6 Nf5 20. Qd3
Nxe3 21. fxe3 Ra8 22. a3 Ra4 23. h4 f5 24. Qxf5 e4 25. Qe6+ Rf7 26. Qe8+ Rf8
27. Qxa4 Qxe3+ 28. Kb1 Qe2 29. Rde1 Qxg2 30. Qxe4 Qxe4 31. Rxe4 Rf1+ 32. Rxf1
Kh8 33. Rf8# 1-0

[Event "Int. StuttgarterStadtmeisterschaft C"]
[Site "Ditzingen"]
[Date "2019.05.31"]
[Round "4.17"]
[White "Eid, Sami"]
[Black "Herbst, Karin"]
[Result "1-0"]
[WhiteElo "1189"]
[BlackElo "1410"]
[PlyCount "75"]
[EventDate "2019.??.??"]
[WhiteTeam "SF Freiberg"]
[BlackTeam "Zentrumsbauer Stuttgart"]

1. e4 c6 2. Nc3 d5 3. exd5 cxd5 4. d4 e6 5. a3 Nf6 6. Bg5 Be7 7. Nf3 h6 8. Bh4
Nc6 9. Bd3 a6 10. O-O Qc7 11. Bg3 Bd6 12. Bxd6 Qxd6 13. Qd2 O-O 14. h3 Bd7 15.
Rfe1 Rac8 16. Re3 Na5 17. Ne2 Nc4 18. Bxc4 Rxc4 19. Ne5 Ne4 20. Nxc4 dxc4 21.
Rxe4 Qd5 22. Nc3 Qf5 23. Qe2 Bc6 24. Re5 Qg6 25. Qg4 Qxc2 26. Re2 Qd3 27. Rd1
Qh7 28. Qh5 g6 29. Qc5 g5 30. Qxc4 Qg6 31. d5 exd5 32. Nxd5 Bxd5 33. Qxd5 b5
34. g4 Qf6 35. Qd6 Qf3 36. Re3 Qb7 37. Qxh6 f6 38. Rde1 1-0

[Event "Int. StuttgarterStadtmeisterschaft C"]
[Site "Ditzingen"]
[Date "2019.05.31"]
[Round "4.18"]
[White "Drianis, Anton"]
[Black "Burkert, Rolf"]
[Result "1/2-1/2"]
[WhiteElo "1308"]
[BlackElo "1206"]
[PlyCount "54"]
[EventDate "2019.??.??"]
[WhiteTeam "SK e4 Gerlingen"]
[BlackTeam "SK e4 Gerlingen"]

1. d4 d5 2. c4 Nf6 3. Nc3 c6 4. cxd5 Nxd5 5. Nf3 e6 6. a3 a6 7. Bg5 Be7 8. Bd2
b5 9. e4 Nf6 10. e5 Nd5 11. Be2 Nxc3 12. Bxc3 Qd5 13. O-O O-O 14. Qd3 f5 15.
Bd1 c5 16. Bc2 Nc6 17. Qe3 h6 18. Rfd1 f4 19. Qd3 Rf5 20. Qe2 Rf8 21. Be4 Qc4
22. Qxc4 bxc4 23. Bxc6 Ra7 24. Nd2 Rc7 25. Be4 cxd4 26. Bxd4 Rd7 27. Nxc4 Rfd8
1/2-1/2

[Event "Int. StuttgarterStadtmeisterschaft C"]
[Site "Ditzingen"]
[Date "2019.05.31"]
[Round "4.19"]
[White "Collier, Donall"]
[Black "Lang, Justus"]
[Result "0-1"]
[WhiteElo "1175"]
[BlackElo "1305"]
[PlyCount "22"]
[EventDate "2019.??.??"]
[WhiteTeam "SK Markdorf"]
[BlackTeam "SK e4 Gerlingen"]

1. e4 e5 2. f4 exf4 3. Nf3 d6 4. d4 Nf6 5. Ng5 h6 6. Nxf7 Kxf7 7. Bc4+ d5 8.
exd5 Qe7+ 9. Kf2 Ne4+ 10. Kf3 Bg4+ 11. Kxg4 Nf2+ 0-1

[Event "Int. StuttgarterStadtmeisterschaft C"]
[Site "Ditzingen"]
[Date "2019.05.31"]
[Round "4.20"]
[White "Wilczek, Daniel"]
[Black "Hain, Flori"]
[Result "1-0"]
[WhiteElo "1286"]
[BlackElo "1031"]
[PlyCount "115"]
[EventDate "2019.??.??"]
[WhiteTeam "SV Backnang"]
[BlackTeam "SF Pfullingen"]

1. d4 d5 2. e3 Nf6 3. Bd3 Nc6 4. f4 e6 5. Nf3 Bb4+ 6. c3 Ba5 7. Ne5 Nxe5 8. fxe5
Nd7 9. O-O f6 10. Qh5+ Kf8 11. Nd2 Qe8 12. Qh3 Qf7 13. Nf3 f5 14. Ng5 Qg6 15.
Nxe6+ Qxe6 16. Bxf5 Qh6 17. Qxh6 gxh6 18. Bxd7+ Ke7 19. Bxc8 Raxc8 20. Rf3 Rcg8
21. a4 c6 22. Bd2 Rg6 23. Raf1 Rg7 24. Be1 Rhg8 25. Bh4+ Ke8 26. g3 Bd8 27. Bf6
Bxf6 28. exf6 Rf7 29. Kf2 Rg6 30. Ke2 Kd7 31. Rf5 Ke6 32. Re5+ Kd7 33. Re7+
Rxe7 34. f7 Re8 35. f8=Q Rxf8 36. Rxf8 Rg7 37. Kd3 b5 38. axb5 cxb5 39. Rb8 Kc6
40. Rc8+ Rc7 41. Rxc7+ Kxc7 42. e4 Kd6 43. e5+ Ke6 44. b3 a6 45. c4 bxc4+ 46.
bxc4 dxc4+ 47. Kxc4 h5 48. Kb4 h6 49. Ka5 Kf5 50. Kxa6 Ke6 51. Kb6 Kd5 52. Kc7
Ke6 53. Kc6 h4 54. gxh4 h5 55. h3 Kf5 56. d5 Kxe5 57. d6 Ke6 58. Kc7 1-0

[Event "Int. StuttgarterStadtmeisterschaft C"]
[Site "Ditzingen"]
[Date "2019.06.01"]
[Round "5.1"]
[White "Martin, Peter"]
[Black "Izquierdo, Antonio"]
[Result "0-1"]
[WhiteElo "1390"]
[BlackElo "1409"]
[PlyCount "90"]
[EventDate "2019.??.??"]
[WhiteTeam "SC Wittlich 1947"]
[BlackTeam "TSF Ditzingen"]

1. e4 e5 2. Nf3 Bc5 3. Bc4 Nc6 4. Nc3 Nf6 5. Nxe5 Nxe5 6. d4 Nxc4 7. dxc5 Qe7
8. O-O Qxc5 9. Nd5 Nxd5 10. exd5 O-O 11. b3 Ne5 12. Bb2 d6 13. Bd4 Qxd5 14.
Bxe5 Qxe5 15. Re1 Qg5 16. Re3 Bg4 17. Qd4 Be6 18. Rg3 Qe5 19. Qxe5 dxe5 20. Re1
Rfd8 21. Rd3 Rxd3 22. cxd3 Rd8 23. Rxe5 Rxd3 24. h4 Rd1+ 25. Kh2 Rd2 26. Re4 c6
27. f3 Rxa2 28. Rd4 Bd5 29. Kg3 g6 30. b4 Rb2 31. Kh3 b5 32. Rf4 Ra2 33. g4 a5
34. bxa5 Rxa5 35. Kg3 Ra4 36. g5 Rc4 37. Rxc4 Bxc4 38. Kf2 b4 39. Ke1 b3 40.
Kd2 Bd5 41. f4 c5 42. Kc3 c4 43. Kb2 Kf8 44. Kc3 Ke7 45. Kb2 Kd6 0-1

[Event "Int. StuttgarterStadtmeisterschaft C"]
[Site "Ditzingen"]
[Date "2019.06.01"]
[Round "5.2"]
[White "Schmidt, Victor"]
[Black "Hilger, Herbert"]
[Result "1-0"]
[WhiteElo "1461"]
[BlackElo "1303"]
[PlyCount "55"]
[EventDate "2019.??.??"]
[WhiteTeam "SK e4 Gerlingen"]
[BlackTeam "SV Stuttgart-Wolfbusch"]

1. e4 e5 2. Nf3 Nc6 3. Bc4 Bc5 4. Nc3 Nf6 5. a3 d6 6. Be2 a6 7. d3 h6 8. O-O
Be6 9. Na4 Ba7 10. c4 Nd4 11. Nc3 Nxe2+ 12. Qxe2 Qd7 13. h3 O-O-O 14. b4 Kb8
15. b5 Bd4 16. Nxd4 exd4 17. Nd5 Nxd5 18. exd5 Bf5 19. bxa6 b6 20. Bb2 Ka7 21.
Bxd4 f6 22. a4 c5 23. dxc6 Qxc6 24. a5 Kxa6 25. axb6+ Kb7 26. Ra7+ Kb8 27. Rfa1
Rhg8 28. Rc7 1-0